[Event "38th ECC Open 2023"]
[Site "Durres ALB"]
[Date "2023.10.04"]
[Round "4.5"]
[Board "1"]
[White "Gelfand, Boris"]
[Black "Dardha, Daniel"]
[Result "1/2-1/2"]
[WhiteTitle "GM"]
[BlackTitle "GM"]
[WhiteElo "2655"]
[BlackElo "2580"]
[WhiteTeam "Rishon Lezion A"]
[BlackTeam "C' Chartres Echecs"]
[WhiteFideId "2805677"]
[BlackFideId "240990"]
[EventDate "2023.10.01"]

1. d4 d5 2. c4 c6 3. cxd5 cxd5 4. Nc3 Nf6 5. Bf4 Nc6 6. e3 a6 7. Bd3 Bg4 8. Nge2
e6 9. O-O Bd6 10. Bxd6 Bxe2 11. Bxe2 Qxd6 12. Rc1 O-O 13. Na4 Nd7 14. Qb3 Na5
15. Qc3 Nc6 16. Qb3 Na5 17. Qc3 Nc6 18. Nc5 Nxc5 19. Qxc5 Qxc5 20. Rxc5 Rfc8 21.
Rfc1 Kf8 22. Bd1 Ke7 23. Ba4 Kd6 24. Bxc6 Rxc6 25. Kf1 Rac8 26. Rxc6+ Rxc6 27.
Rxc6+ Kxc6 28. Ke2 Kd6 29. Kd3 f5 30. f4 Kc6 1/2-1/2

[Event "38th ECC Open 2023"]
[Site "Durres ALB"]
[Date "2023.10.04"]
[Round "4.5"]
[Board "2"]
[White "Lagarde, Maxime"]
[Black "Rodshtein, Maxim"]
[Result "1-0"]
[WhiteTitle "GM"]
[BlackTitle "GM"]
[WhiteElo "2626"]
[BlackElo "2584"]
[WhiteTeam "C' Chartres Echecs"]
[BlackTeam "Rishon Lezion A"]
[WhiteFideId "662399"]
[BlackFideId "2806851"]
[EventDate "2023.10.01"]

1. e4 e5 2. Nf3 Nc6 3. Bc4 Bc5 4. c3 Nf6 5. d3 d6 6. Bg5 a6 7. a4 Ba7 8. Nbd2 h6
9. Bh4 Qe7 10. b4 g5 11. Bg3 Nh5 12. a5 Qf6 13. Qb3 Ne7 14. O-O-O O-O 15. Ne1 c6
16. Nc2 Rd8 17. d4 exd4 18. cxd4 d5 19. e5 Qg6 20. Be2 b6 21. Qf3 g4 22. Qc3
bxa5 23. bxa5 c5 24. dxc5 Bf5 25. Nb3 Rdc8 26. Bd3 Rab8 27. e6 Qg5+ 28. Rd2 Nxg3
29. exf7+ Kxf7 30. fxg3 Bxd3 31. Qxd3 Kg8 32. Re1 Bxc5 33. Kd1 Bb4 34. Nxb4 Rxb4
35. Re6 Rc6 36. Rxc6 Nxc6 37. Qxa6 Rxb3 38. Qxc6 Rb1+ 39. Kc2 Rb2+ 40. Kxb2
Qxd2+ 41. Kb3 Qxa5 42. Qg6+ Kf8 43. Qxh6+ Ke7 44. Qg5+ Kd6 45. Qf6+ Kd7 46. Qg7+
Kd6 47. Qc3 Qd8 48. Qb4+ Kc6 49. Qxg4 Qb6+ 50. Qb4 Qg1 51. Qc3+ Kd6 52. Qf6+ Kc5
53. Qe7+ Kc6 54. Qe6+ Kc5 55. Qc8+ Kd6 56. Qa6+ Kc7 57. Qd3 Qxh2 58. Qxd5 Qxg3+
59. Kc4 Qf4+ 60. Kd3 Qg3+ 61. Kd4 Qf4+ 62. Qe4 Qd6+ 63. Kc4 Qg3 64. Qd5 Qf4+ 65.
Kd3 Qg3+ 66. Ke2 Qg4+ 67. Qf3 Qc4+ 68. Ke3 Qc5+ 69. Ke4 Qe7+ 70. Kf5 Qf7+ 71.
Kg5 Qg7+ 72. Kh4 Qh6+ 73. Qh5 Qf4+ 74. g4 Qf6+ 75. Qg5 Qh8+ 76. Kg3 Qc3+ 77. Kf4
Qd2+ 78. Kf5 Qd5+ 79. Kg6 Qe6+ 80. Kh7 Qe4+ 81. Qf5 Qh1+ 82. Kg7 Qh3 83. Qe5+
Kd7 84. g5 Qh4 85. g6 Qh3 86. Qd5+ Ke7 87. Qf7+ Kd8 88. Kg8 Qh4 89. Qe6 Qh2 90.
g7 Qf4 91. Qd5+ Ke7 92. Qc5+ Kd7 93. Qh5 Ke7 94. Kh8 Qd4 95. Qg5+ Kf7 96. Qf5+
Ke7 97. Qf8+ Kd7 98. Qf7+ Kd8 99. Qe6 Qh4+ 100. Kg8 Qd4 101. Kf7 Qa7+ 102. Kg6
Qg1+ 103. Kf6 Qf2+ 104. Qf5 Qb6+ 105. Kf7 Qb3+ 106. Kg6 1-0

[Event "38th ECC Open 2023"]
[Site "Durres ALB"]
[Date "2023.10.04"]
[Round "4.5"]
[Board "3"]
[White "Zanan, Evgeny"]
[Black "Droin, Augustin"]
[Result "1/2-1/2"]
[WhiteTitle "GM"]
[BlackTitle "IM"]
[WhiteElo "2465"]
[BlackElo "2468"]
[WhiteTeam "Rishon Lezion A"]
[BlackTeam "C' Chartres Echecs"]
[WhiteFideId "24101940"]
[BlackFideId "45105987"]
[EventDate "2023.10.01"]

1. e4 e5 2. Nf3 Nc6 3. Bb5 a6 4. Ba4 Bc5 5. O-O d6 6. c3 Bd7 7. d4 Ba7 8. Re1
Nge7 9. Be3 Ng6 10. Nbd2 O-O 11. Nf1 exd4 12. Nxd4 Nxd4 13. cxd4 Re8 14. Ng3 d5
15. Bxd7 Qxd7 16. e5 c5 17. f4 cxd4 18. Bxd4 Bxd4+ 19. Qxd4 Qg4 20. Ne2 Rad8 21.
h3 Qh4 22. Rad1 h5 23. Qf2 Qxf2+ 24. Kxf2 d4 25. Rd3 f6 26. exf6 gxf6 27. g3 h4
28. gxh4 Kf7 29. h5 Rxe2+ 30. Rxe2 Nxf4 31. Rb3 Nxe2 32. Rxb7+ Kg8 33. Kxe2 Rd5
34. h6 Rh5 35. h7+ Kh8 36. Kd3 Rxh3+ 37. Kxd4 a5 38. b3 a4 39. Kc4 Rh2 40. Ra7
Rxa2 41. Rxa4 Rc2+ 42. Kd3 Rc7 43. Rh4 f5 44. Kd4 Rb7 45. Rh3 Rb8 46. Ke5 Rb5+
47. Kf4 Rc5 48. Kg5 Re5 49. Kf6 Rb5 50. Kg6 f4 51. Rd3 Rb8 52. Kg5 Rb4 53. Rh3
Re4 54. Kf5 Re3 55. Kg4 Re4 56. Kf3 Rb4 57. Ke2 Rd4 58. Ke1 Rd5 59. Kf1 Rd2 60.
Ke1 Rd5 61. Ke2 Rd4 62. Kf3 Rb4 63. Kg2 Rb5 64. Rc3 Kxh7 65. Kf3 Rb4 66. Kg4 Kg6
67. Rf3 Rb5 68. Rc3 Rb4 69. Rf3 Rb5 70. Rc3 1/2-1/2

[Event "38th ECC Open 2023"]
[Site "Durres ALB"]
[Date "2023.10.04"]
[Round "4.5"]
[Board "4"]
[White "Razafindratsima, Timothe"]
[Black "Bronstein, Or"]
[Result "1/2-1/2"]
[WhiteTitle "IM"]
[BlackTitle "IM"]
[WhiteElo "2459"]
[BlackElo "2433"]
[WhiteTeam "C' Chartres Echecs"]
[BlackTeam "Rishon Lezion A"]
[WhiteFideId "36069884"]
[BlackFideId "2815770"]
[EventDate "2023.10.01"]

1. e4 e5 2. Nf3 Nf6 3. Nc3 Nc6 4. Bb5 Nd4 5. Bc4 Bc5 6. d3 O-O 7. O-O d6 8. Nxd4
Bxd4 9. Ne2 Bb6 10. a4 a5 11. Ng3 c6 12. h3 Be6 13. Qf3 d5 14. Bb3 Qd7 15. Bg5
Ne8 16. Nf5 f6 17. Be3 d4 18. Bxe6+ Qxe6 19. Bd2 g6 20. Ng3 Rf7 21. Qg4 Ng7 22.
Qxe6 Nxe6 23. h4 Bc7 24. h5 Bd6 25. Ne2 f5 26. exf5 gxf5 27. f3 Bb4 28. Bxb4
axb4 29. f4 Ra5 30. fxe5 f4 31. Nc1 Rxe5 32. Nb3 Rxh5 33. Rae1 Rf6 34. Re4 Rd5
35. Rfe1 Kf7 36. Re5 f3 37. gxf3 Ng5 38. Nd2 Rxe5 39. Rxe5 Nxf3+ 40. Nxf3 Rxf3
41. Re4 b3 42. Rxd4 bxc2 43. Rc4 Rxd3 44. Rxc2 Ke6 45. Kf1 Kd5 46. Rh2 Rb3 47.
Ke1 Ke4 48. Kd1 Rd3+ 49. Ke2 Re3+ 50. Kd2 Rd3+ 51. Ke2 Rd7 52. Rh4+ Kf5 53. Rh1
Kg4 54. Rg1+ Kf4 55. Rh1 Kg3 56. a5 Kg4 57. Rg1+ Kf4 58. Rh1 Ke4 59. Rh4+ Kd5
60. Kd3 Kc5+ 61. Kc3 Rg7 62. Rh5+ Kd6 63. b4 Rg3+ 64. Kc4 Rg4+ 65. Kc3 Rg3+ 66.
Kc4 Rg4+ 67. Kc3 Rg7 68. Kc4 Rf7 69. Rh6+ Kc7 70. Kc5 Rf5+ 71. Kc4 Rf4+ 72. Kc5
Rf5+ 73. Kc4 Rf4+ 74. Kc5 Rf7 75. Kc4 Rg7 76. Kc5 Rg5+ 77. Kc4 Rg4+ 78. Kc5 Rg7
79. Kc4 b6 80. axb6+ Kxb6 81. b5 Rg4+ 82. Kc3 Kxb5 83. Rxh7 Rg3+ 84. Kc2 c5 85.
Rh4 c4 86. Rh8 Rg2+ 87. Kc3 Rg3+ 88. Kc2 Rg2+ 1/2-1/2

[Event "38th ECC Open 2023"]
[Site "Durres ALB"]
[Date "2023.10.04"]
[Round "4.5"]
[Board "5"]
[White "Sokolovsky, Yahli"]
[Black "Kamsky, Gata"]
[Result "1/2-1/2"]
[WhiteTitle "IM"]
[BlackTitle "GM"]
[WhiteElo "2447"]
[BlackElo "2641"]
[WhiteTeam "Rishon Lezion A"]
[BlackTeam "C' Chartres Echecs"]
[WhiteFideId "2820242"]
[BlackFideId "2000024"]
[EventDate "2023.10.01"]

1. e4 Nf6 2. e5 Nd5 3. d4 d6 4. c4 Nb6 5. exd6 exd6 6. Nc3 Be7 7. Bd3 O-O 8.
Nge2 Nc6 9. b3 Bg4 10. Be3 Bg5 11. Bxg5 Qxg5 12. Qd2 Qf6 13. O-O Bxe2 14. Nxe2
Rfe8 15. Rad1 a5 16. Bc2 d5 17. c5 Nd7 18. Nc3 Nb4 19. Bb1 c6 20. Rde1 Na6 21.
Re3 Nc7 22. Rf3 Qe7 23. Bf5 Nf8 24. Re3 Qf6 25. Rf3 Qe7 26. Re3 Qf6 27. Rf3 Qe7 1/2-1/2

[Event "38th ECC Open 2023"]
[Site "Durres ALB"]
[Date "2023.10.04"]
[Round "4.5"]
[Board "6"]
[White "Guliyev, Namig"]
[Black "Veinberg, Nimrod"]
[Result "0-1"]
[WhiteTitle "GM"]
[BlackTitle "IM"]
[WhiteElo "2531"]
[BlackElo "2402"]
[WhiteTeam "C' Chartres Echecs"]
[BlackTeam "Rishon Lezion A"]
[WhiteFideId "13400363"]
[BlackFideId "2810280"]
[EventDate "2023.10.01"]

1. e4 e5 2. Nf3 Nc6 3. Bb5 a6 4. Ba4 Nf6 5. Qe2 b5 6. Bb3 Bc5 7. d3 d6 8. c3 h6
9. h3 a5 10. a4 b4 11. Be3 Ba6 12. Nbd2 bxc3 13. bxc3 Bxe3 14. Qxe3 O-O 15. O-O
Ne7 16. Rfb1 Ng6 17. Bc4 Bc8 18. d4 Qe7 19. dxe5 Nxe5 20. Nxe5 Qxe5 21. Rb5 Qe7
22. e5 c6 23. Rb6 Nd7 24. Rxc6 Nxe5 25. Rb6 Qc7 26. Bd5 Ra6 27. Rab1 Rxb6 28.
Qxb6 Qxc3 29. Qxd6 Bf5 30. Ne4 Qc2 31. Re1 Nd3 32. Re3 Qc1+ 33. Kh2 Nxf2 34.
Nf6+ gxf6 35. Qg3+ Ng4+ 36. hxg4 Bg6 37. Qf4 Kg7 38. Rf3 Qa1 39. Rf1 Qb2 40. Rf2
Qb6 41. Rf3 Rd8 42. Rb3 Qc5 43. Rb5 Qc3 44. Qg3 Qd2 45. Bc6 Rd3 46. Qb8 Qe1 47.
Rb1 Qh4+ 48. Kg1 Rc3 0-1

[Event "38th ECC Open 2023"]
[Site "Durres ALB"]
[Date "2023.10.04"]
[Round "4.6"]
[Board "1"]
[White "Vocaturo, Daniele"]
[Black "Kucuksari, Kaan"]
[Result "1-0"]
[WhiteTitle "GM"]
[BlackTitle "IM"]
[WhiteElo "2625"]
[BlackElo "2493"]
[WhiteTeam "Obiettivo Risarcimento Padova"]
[BlackTeam "Lunds ASK"]
[WhiteFideId "813192"]
[BlackFideId "6380166"]
[EventDate "2023.10.01"]

1. e4 c5 2. Nf3 d6 3. d4 cxd4 4. Nxd4 Nf6 5. Nc3 a6 6. Bg5 Nbd7 7. a3 h6 8. Bxf6
Nxf6 9. Bc4 e6 10. Qe2 Be7 11. O-O-O Qc7 12. f4 e5 13. Nf5 Bxf5 14. exf5 O-O 15.
Rhe1 Rfe8 16. fxe5 dxe5 17. Ne4 Rad8 18. Nxf6+ Bxf6 19. Qe4 Rxd1+ 20. Rxd1 b5
21. Bd5 Rd8 22. Kb1 a5 23. Rd3 Qc5 24. h3 Rc8 25. Rd1 Rd8 26. c3 Qc7 27. Bb3 Rb8
28. Rd5 Kh7 29. g4 b4 30. cxb4 axb4 31. a4 Rc8 32. Rd1 Qa7 33. Ka2 Rb8 34. h4
Kg8 35. Rd6 Qc7 36. Rc6 Qd7 37. Qc4 Rf8 38. Rc7 Qe8 39. g5 hxg5 40. hxg5 Bxg5
41. Qg4 Bf6 42. Qh5 e4 43. Rc2 Be5 44. f6 Qb8 45. fxg7 Bxg7 46. Rh2 1-0

[Event "38th ECC Open 2023"]
[Site "Durres ALB"]
[Date "2023.10.04"]
[Round "4.6"]
[Board "2"]
[White "Pantzar, Milton"]
[Black "Dvirnyy, Danyyil"]
[Result "1-0"]
[WhiteTitle "IM"]
[BlackTitle "GM"]
[WhiteElo "2453"]
[BlackElo "2500"]
[WhiteTeam "Lunds ASK"]
[BlackTeam "Obiettivo Risarcimento Padova"]
[WhiteFideId "1721003"]
[BlackFideId "817570"]
[EventDate "2023.10.01"]

1. d4 Nf6 2. Nf3 e6 3. g3 d5 4. Bg2 Be7 5. O-O O-O 6. c4 dxc4 7. Qc2 a6 8. a4
Nc6 9. Qxc4 Na5 10. Qc2 b6 11. Ne5 Bb7 12. Bxb7 Nxb7 13. Nc6 Qe8 14. Rd1 h6 15.
e4 Rc8 16. b4 b5 17. axb5 axb5 18. Na3 Ra8 19. Bb2 Ra6 20. Nxe7+ Qxe7 21. Nxb5
Rxa1 22. Bxa1 Qxb4 23. Rb1 Qa5 24. d5 Ne8 25. Bc3 Qa6 26. Bb4 Nbd6 27. Nxc7 Nxc7
28. Qxc7 Nb5 29. Qc6 Ra8 30. Qxa6 Rxa6 31. Be7 Nd4 32. Rb8+ Kh7 33. d6 Ra7 34.
Rc8 e5 35. f4 exf4 36. gxf4 Ne2+ 37. Kf2 Nxf4 38. Rc7 Ra2+ 39. Ke3 Ne6 40. d7
Rb2 41. d8=Q Rb3+ 42. Kd2 Nxd8 43. Bxd8 Kg8 44. Rc3 Rb2+ 45. Rc2 Rb3 46. Bc7 Ra3
47. Rc3 Ra4 48. Ke3 Ra1 49. Bg3 Ra5 50. Kd4 Ra2 51. Ke5 Rd2 52. Rc5 Rd7 53. Rc6
Rd8 54. Rd6 Ra8 55. Kd5 Ra5+ 56. Kd4 Ra4+ 57. Ke5 Ra5+ 58. Rd5 Ra6 59. Rc5 Kh7
60. Kd5 Ra8 61. Rc4 Ra6 62. Rc7 Kg8 63. Bd6 Ra4 64. Rb7 Ra6 65. Bb8 Ra5+ 66. Kc6
Ra6+ 67. Kd7 Ra4 68. e5 Rf4 69. Bd6 Rf2 70. h4 Rf5 71. Ke7 g5 72. h5 g4 73. Rb4
Rg5 74. Rb3 Rf5 75. Rg3 Rf4 76. e6 Re4 77. Rxg4+ 1-0

[Event "38th ECC Open 2023"]
[Site "Durres ALB"]
[Date "2023.10.04"]
[Round "4.6"]
[Board "3"]
[White "Carnicelli, Valerio"]
[Black "Storme, Isak"]
[Result "1-0"]
[WhiteTitle "FM"]
[BlackTitle "IM"]
[WhiteElo "2403"]
[BlackElo "2443"]
[WhiteTeam "Obiettivo Risarcimento Padova"]
[BlackTeam "Lunds ASK"]
[WhiteFideId "856185"]
[BlackFideId "1728113"]
[EventDate "2023.10.01"]

1. e4 e5 2. Nf3 Nc6 3. Bc4 Nf6 4. d3 Bc5 5. c3 d6 6. O-O O-O 7. h3 h6 8. Re1 a5
9. Bb5 Ba7 10. Nbd2 Ne7 11. d4 c6 12. Bd3 Ng6 13. Nf1 Nh5 14. Be3 Nhf4 15. Bc2
Qf6 16. Ng3 Rd8 17. Nf5 Bxf5 18. exf5 Ne7 19. Bxf4 exf4 20. Qd2 g5 21. fxg6 Nxg6
22. Bxg6 fxg6 23. Re4 g5 24. Rae1 Kf7 25. Qe2 Qf5 26. Nh2 1-0

[Event "38th ECC Open 2023"]
[Site "Durres ALB"]
[Date "2023.10.04"]
[Round "4.6"]
[Board "5"]
[White "Massironi, Marco"]
[Black "Ahlander, Bjorn"]
[Result "0-1"]
[BlackTitle "IM"]
[WhiteElo "2144"]
[BlackElo "2400"]
[WhiteTeam "Obiettivo Risarcimento Padova"]
[BlackTeam "Lunds ASK"]
[WhiteFideId "814369"]
[BlackFideId "1700251"]
[EventDate "2023.10.01"]

1. c4 e5 2. Nc3 Nf6 3. Nf3 Nc6 4. e3 Be7 5. Qc2 O-O 6. a3 d6 7. b4 Bg4 8. Be2
Re8 9. Bb2 Bf8 10. Nd5 Nxd5 11. cxd5 Ne7 12. Ng5 Bf5 13. Bd3 g6 14. e4 Bd7 15.
f4 Bh6 16. Nxf7 Kxf7 17. fxe5 dxe5 18. O-O+ Kg8 19. Bxe5 Nf5 20. Bxc7 Nd4 21.
Qc4 Qc8 22. Rac1 Nb5 23. d6+ Kh8 24. Rf7 a6 25. Qc5 Bg7 26. Bxb5 axb5 27. Qd5
Re5 28. Qd4 Qe8 29. Rcf1 Kg8 30. d3 Rxa3 31. Bb6 Ra2 32. Qc3 Rxg2+ 33. Kxg2 Rg5+
34. Kh1 Bxc3 35. Re7 Qc8 36. Bc7 Bh3 37. Rf2 Qg4 38. Re8+ Kg7 39. Re7+ Kh6 0-1

[Event "38th ECC Open 2023"]
[Site "Durres ALB"]
[Date "2023.10.04"]
[Round "4.6"]
[Board "6"]
[White "Petersson, Kjell"]
[Black "Quaranta, Cristiano"]
[Result "0-1"]
[WhiteTitle "CM"]
[WhiteElo "2040"]
[BlackElo "2079"]
[WhiteTeam "Lunds ASK"]
[BlackTeam "Obiettivo Risarcimento Padova"]
[WhiteFideId "1705148"]
[BlackFideId "815810"]
[EventDate "2023.10.01"]

1. d4 d5 2. Bf4 c5 3. e3 cxd4 4. exd4 Nc6 5. c3 Bf5 6. Nf3 e6 7. Qb3 Qd7 8. Bb5
f6 9. O-O g5 10. Be3 a6 11. Be2 Bd6 12. Nbd2 Nge7 13. c4 h5 14. cxd5 exd5 15.
Ne1 Qc7 16. f4 gxf4 17. Bf2 h4 18. h3 O-O-O 19. Ndf3 Rdg8 20. Nxh4 Be6 21. Bg4
Bxg4 22. hxg4 Qd7 23. Qh3 Rxg4 24. Nef3 Ng6 25. Qh2 Nxh4 26. Bxh4 Nxd4 27. Rac1+
Kb8 28. Qh3 Nxf3+ 29. Qxf3 Rgxh4 30. Qxd5 f3 31. Qxf3 Bh2+ 32. Kf2 Qd2+ 0-1

[Event "38th ECC Open 2023"]
[Site "Durres ALB"]
[Date "2023.10.04"]
[Round "4.7"]
[Board "1"]
[White "Mamedov, Rauf"]
[Black "Ten Hertog, Hugo"]
[Result "1-0"]
[WhiteTitle "GM"]
[BlackTitle "GM"]
[WhiteElo "2640"]
[BlackElo "2525"]
[WhiteTeam "Vugar Gashimov"]
[BlackTeam "Paul Keres 1"]
[WhiteFideId "13401653"]
[BlackFideId "1026356"]
[EventDate "2023.10.01"]

1. e4 c6 2. Nf3 d5 3. d3 g6 4. e5 c5 5. c3 Nc6 6. d4 Bg4 7. Bb5 Qb6 8. Bxc6+
bxc6 9. dxc5 Qxc5 10. Nbd2 Bg7 11. Qa4 Nh6 12. h3 Bd7 13. Nb3 Qb6 14. Be3 Qc7
15. Nc5 Nf5 16. Bf4 e6 17. O-O O-O 18. Nd4 Ne7 19. Rfe1 h6 20. h4 a5 21. Qc2
Rfb8 22. Qd2 Kh7 23. b4 Nc8 24. h5 g5 25. Bg3 axb4 26. cxb4 Nb6 27. Rac1 Nc4 28.
Rxc4 dxc4 29. Qc2+ Kg8 30. Qxc4 Rd8 31. a4 Bc8 32. Nc2 Bf8 33. Ne4 Bg7 34. Ne3
Rxa4 35. Ng4 Ba6 36. Nef6+ Kf8 37. Qc5+ Qe7 38. Nh7+ 1-0

[Event "38th ECC Open 2023"]
[Site "Durres ALB"]
[Date "2023.10.04"]
[Round "4.7"]
[Board "2"]
[White "Lombaers, Peter"]
[Black "Suleymanli, Aydin"]
[Result "0-1"]
[WhiteTitle "FM"]
[BlackTitle "GM"]
[WhiteElo "2359"]
[BlackElo "2588"]
[WhiteTeam "Paul Keres 1"]
[BlackTeam "Vugar Gashimov"]
[WhiteFideId "1032852"]
[BlackFideId "13413937"]
[EventDate "2023.10.01"]

1. d4 d5 2. c4 e6 3. Nf3 Nf6 4. Nc3 Nbd7 5. Bf4 dxc4 6. e3 Nd5 7. Bxc4 Nxf4 8.
exf4 Nb6 9. Bb3 g6 10. h4 Bg7 11. h5 Bd7 12. Ne5 Qe7 13. Qe2 O-O-O 14. O-O-O Kb8
15. Kb1 Bf6 16. Rhe1 Bc6 17. Nxc6+ bxc6 18. Ne4 Bxd4 19. Rc1 Qb4 20. Rxc6 a5 21.
Rec1 a4 22. Bd1 Bxb2 23. Qxb2 Qxe4+ 24. Ka1 Qd4 25. R6c3 Rd6 26. Bf3 Rc8 27. g3
Qd2 28. Qb4 c5 29. Qa5 Qd4 30. Rd1 Qb4 31. Qxb4 Rxd1+ 32. Bxd1 cxb4 33. Rxc8+
Kxc8 34. hxg6 hxg6 35. Kb2 Kc7 36. Kc2 Kd6 37. Kd3 Kc5 38. Bc2 b3 39. Bb1 Nd5
40. axb3 axb3 0-1

[Event "38th ECC Open 2023"]
[Site "Durres ALB"]
[Date "2023.10.04"]
[Round "4.7"]
[Board "3"]
[White "Asadli, Vugar"]
[Black "Kerigan, Demre"]
[Result "1-0"]
[WhiteTitle "GM"]
[BlackTitle "IM"]
[WhiteElo "2563"]
[BlackElo "2360"]
[WhiteTeam "Vugar Gashimov"]
[BlackTeam "Paul Keres 1"]
[WhiteFideId "13405764"]
[BlackFideId "6307841"]
[EventDate "2023.10.01"]

1. e4 e5 2. Nf3 Nc6 3. Bb5 a6 4. Ba4 Nf6 5. O-O d6 6. c4 Bd7 7. Nc3 g6 8. d3 Bg7
9. h3 O-O 10. Be3 Nh5 11. Nd5 h6 12. Rc1 f5 13. c5 f4 14. cxd6 fxe3 15. dxc7 Qe8
16. Qb3 Nd4 17. Nf6+ Kh8 18. Nxe8 Nxb3 19. Bxd7 Nxc1 20. Rxc1 e2 21. Ne1 1-0

[Event "38th ECC Open 2023"]
[Site "Durres ALB"]
[Date "2023.10.04"]
[Round "4.7"]
[Board "4"]
[White "Wemmers, Xander"]
[Black "Ahmadzada, Ahmad"]
[Result "0-1"]
[WhiteTitle "IM"]
[BlackTitle "IM"]
[WhiteElo "2353"]
[BlackElo "2494"]
[WhiteTeam "Paul Keres 1"]
[BlackTeam "Vugar Gashimov"]
[WhiteFideId "1004182"]
[BlackFideId "13413007"]
[EventDate "2023.10.01"]

1. d4 Nf6 2. c4 e6 3. Nf3 c5 4. d5 d6 5. Nc3 exd5 6. cxd5 g6 7. Nd2 Bg7 8. e4
O-O 9. Be2 Re8 10. O-O Na6 11. f3 Nc7 12. a4 b6 13. Nc4 Ba6 14. Rb1 Qd7 15. Bd2
Bxc4 16. Bxc4 a6 17. b4 b5 18. axb5 axb5 19. Be2 c4 20. Re1 Ra3 21. Qc1 Rea8 22.
Bf1 Qe7 23. g3 Nd7 24. f4 Bd4+ 25. Kh1 Nf6 26. Bh3 Bxc3 27. Bxc3 Nxe4 28. Ra1
Rxa1 29. Bxa1 Nxd5 30. Bg2 Nf2+ 31. Kg1 Qa7 32. Bxd5 Nd3+ 33. Qe3 Qxe3+ 34. Rxe3
Rxa1+ 35. Kg2 Nxb4 0-1

[Event "38th ECC Open 2023"]
[Site "Durres ALB"]
[Date "2023.10.04"]
[Round "4.7"]
[Board "5"]
[White "Samadov, Read"]
[Black "Ondersteijn, Niels"]
[Result "1/2-1/2"]
[WhiteTitle "IM"]
[BlackTitle "IM"]
[WhiteElo "2492"]
[BlackElo "2370"]
[WhiteTeam "Vugar Gashimov"]
[BlackTeam "Paul Keres 1"]
[WhiteFideId "13417444"]
[BlackFideId "1011162"]
[EventDate "2023.10.01"]

1. d4 Nf6 2. c4 e6 3. Nf3 d5 4. g3 dxc4 5. Bg2 c5 6. O-O Nc6 7. Qa4 Bd7 8. Qxc4
b5 9. Qc3 b4 10. Qd3 Rc8 11. dxc5 Bxc5 12. Be3 Bxe3 13. Qxe3 Qb6 14. Qxb6 axb6
15. Nbd2 Na5 16. Rfc1 Ke7 17. Nd4 Rxc1+ 18. Rxc1 e5 19. N4f3 Nc6 20. e3 Rc8 21.
Ne1 Rd8 22. Nc4 b5 23. Bxc6 Bxc6 24. Nxe5 Bd5 25. N5d3 b3 26. axb3 Bxb3 27. f3
Bc4 28. Rd1 g5 29. g4 h5 30. h3 hxg4 31. hxg4 Ne8 32. Nf2 Rxd1 33. Nxd1 Kd6 34.
Nc3 Kc5 35. Ne4+ Kb4 36. Nd2 Nd6 37. Kf2 f5 38. gxf5 Nxf5 39. e4 Nd4 40. Ke3 Nc6
41. Nc2+ Kc5 42. Nb1 Bb3 43. Ne1 Bc4 44. Nd2 Ne5 45. Nc2 Nc6 46. b3 Bf7 47. Kd3
b4 48. Ke3 Bg8 49. Ne1 Na5 50. Nd3+ Kb5 51. Nc1 Kc5 52. e5 Kd5 53. Nd3 Bh7 54.
Nxb4+ Kxe5 55. Na6 Bg8 56. Nc5 Nc6 57. Nd3+ Kf5 58. b4 Bd5 59. Ne4 g4 60. Ng3+
Kf6 61. f4 Bc4 62. Ne4+ Ke6 63. Nec5+ Kf5 64. Kf2 Bxd3 65. Nxd3 Nxb4 66. Nxb4
Kxf4 67. Nd3+ Ke4 68. Kg3 Kxd3 69. Kxg4 1/2-1/2

[Event "38th ECC Open 2023"]
[Site "Durres ALB"]
[Date "2023.10.04"]
[Round "4.7"]
[Board "6"]
[White "Hommerson, Paul"]
[Black "Gadimbayli, Abdulla"]
[Result "0-1"]
[BlackTitle "GM"]
[WhiteElo "2287"]
[BlackElo "2492"]
[WhiteTeam "Paul Keres 1"]
[BlackTeam "Vugar Gashimov"]
[WhiteFideId "1025325"]
[BlackFideId "13404938"]
[EventDate "2023.10.01"]

1. d4 Nf6 2. c4 e6 3. Nf3 d5 4. Nc3 Bb4 5. cxd5 exd5 6. Bg5 h6 7. Bh4 O-O 8. e3
Bf5 9. Qb3 Bxc3+ 10. bxc3 Nbd7 11. Be2 c5 12. O-O c4 13. Qxb7 Rb8 14. Qxa7 Rb2
15. Rfe1 Qa8 16. Qxa8 Rxa8 17. Ne5 Nxe5 18. Bxf6 Nd3 19. Bxd3 cxd3 20. Be7 Raxa2
21. Rxa2 Rxa2 22. f3 d2 23. Rd1 Bd7 24. Kf2 Ba4 25. Ke2 Bb5+ 26. Kf2 Ba4 27. Ke2
Bxd1+ 28. Kxd1 f5 29. Bd6 Kf7 30. e4 fxe4 31. fxe4 dxe4 32. Bf4 Ke6 33. Bxd2 e3
34. Bxe3 Rxg2 35. Bf4 Kd5 36. Ke1 g5 37. Be5 h5 38. Kf1 Rc2 39. Bf6 g4 40. h3 g3
41. Bh4 g2+ 42. Kg1 Ke4 0-1

[Event "38th ECC Open 2023"]
[Site "Durres ALB"]
[Date "2023.10.04"]
[Round "4.8"]
[Board "1"]
[White "Yankelevich, Lev"]
[Black "Saraci, Nderim"]
[Result "1/2-1/2"]
[WhiteTitle "GM"]
[BlackTitle "IM"]
[WhiteElo "2399"]
[BlackElo "2457"]
[WhiteTeam "CE Le Cavalier Differdange"]
[BlackTeam "Chess Club Drejtesia-Trokadero"]
[WhiteFideId "24684074"]
[BlackFideId "6351921"]
[EventDate "2023.10.01"]

1. Nf3 d5 2. d4 Nf6 3. c4 e6 4. g3 dxc4 5. Bg2 a6 6. O-O Nc6 7. Bg5 Be7 8. e3
Rb8 9. Nfd2 e5 10. Bxf6 Bxf6 11. d5 Ne7 12. Nxc4 e4 13. d6 Be6 14. Nbd2 Nc8 15.
Nxe4 Bxc4 16. dxc7 Qxc7 17. Nxf6+ gxf6 18. Rc1 b5 19. b3 Ke7 20. bxc4 bxc4 21.
Qa4 Nd6 22. Qxa6 Rhc8 23. Qa3 c3 24. Rc2 Rb5 25. Rfc1 Qa5 26. Qxa5 Rxa5 27. Rxc3
Rxc3 28. Rxc3 Rxa2 29. Bf3 Ra7 30. Rd3 Nc4 31. Be4 Ne5 32. Rb3 h6 33. Rb8 Ra4
34. Bd5 Ra1+ 35. Kg2 Rd1 36. Rb7+ Kf8 37. Be4 Rd2 38. h3 Nd3 39. Bxd3 Rxd3 40.
Rb5 Rd2 41. g4 Kg7 42. Kg3 Ra2 43. h4 Ra1 44. Kg2 Ra2 45. Rc5 Rb2 46. Ra5 Rc2
47. Kf3 Rc1 48. g5 hxg5 49. hxg5 fxg5 50. Rxg5+ Kf6 51. Ra5 Rc2 52. e4 Ke6 53.
Ke3 f6 54. f3 Rg2 55. Ra7 Rb2 56. Kf4 Rb3 57. Ra5 Rc3 58. Rb5 Ra3 59. Rc5 Rb3
60. Ra5 Rc3 61. Kg4 Re3 62. Rb5 Kf7 63. Kf4 Ra3 64. Rb6 Ra5 65. Rd6 Rb5 66. Kg3
Rb3 67. Kg4 Re3 68. Ra6 Ke7 69. Ra7+ Ke6 70. Rb7 Kd6 71. Rh7 Ke6 72. Rb7 Kd6 73.
Ra7 Ke6 74. Ra4 Kf7 75. f4 Kg6 76. f5+ Kf7 77. Ra7+ Kf8 78. Kf4 Rb3 79. Rh7 Ra3
80. Rh6 Kf7 81. Rg6 Rb3 82. Rg3 Rb1 83. Ra3 Re1 84. Ra7+ Kf8 85. Kf3 Ke8 86. Ra4
Ke7 87. Kf2 Rb1 88. Ke3 Rd1 89. Ra7+ Kf8 90. Ke2 Rd4 91. Kf3 Rd3+ 92. Kg4 Re3
93. Kh5 Rg3 94. Rb7 Rg1 95. Kh4 Rg2 96. Rb3 Kf7 97. Ra3 Rg1 98. Kh3 Re1 99. Ra7+
Kf8 100. Kg4 Re3 101. Rc7 Re1 102. Kf3 Ke8 103. Rc4 Ke7 104. Kf2 Rd1 105. Ke3
Rd6 106. Rc7+ Kf8 107. Rc8+ Ke7 108. Rh8 Rd1 109. Rh7+ Kf8 110. Rh2 Ke7 111. Rd2
Re1+ 112. Kd3 Kd6 113. Kd4 Ra1 114. Rd3 Ra4+ 115. Ke3+ Ke7 116. Rb3 Rc4 117.
Rb7+ Kf8 118. Kd3 Ra4 119. Rc7 Rb4 120. Rc4 Rb1 121. Kd4 Rd1+ 122. Kc5 Ke7 123.
Kb6 Rb1+ 124. Kc7 Rd1 125. Rc6 Rd4 126. Re6+ 1/2-1/2